000 00250nam a2200097Ia 4500
008 220204s9999 xx 000 0 und d
082 _a058 MAN1994
_bMAN
245 0 _aManorama yearbook. 1994
260 _aKottayam
_bMalayala Manorama
_c1994
942 _cBK
999 _c40513
_d40513